000 00727nam a2200217Ia 4500
001 74855
003 149606
005 20250502152222.0
008 ||||||n9999 ||| || ||
245 0 _aImpacto de las regalías en el desarrollo de las entidades territoriales
562 _e1
650 _aADMINISTRACION REGIONAL
_912037
650 0 _aEntidades territoriales
_911999
650 _aESPECIALIZACIÓN EN FINANZAS PÚBLICAS--TESIS Y DISERTACIONES ACADÉMICAS
_934486
650 _aEXPLOTACION DE RECURSOS NATURALES
_98985
650 _aFONDO NACIONAL DE REGALIAS
_931856
650 _aHIDROCARBUROS
_913139
650 0 _aRegalías
_910814
650 _aTESIS Y DISERTACIONES ACADÉMICAS
_996583
942 _cTESIS
999 _c74855
_d74855